[Event "Titled Tuesday intern op 19th Mar Late"]
[Site "Chess.com INT"]
[Date "2024.03.19"]
[Round "3"]
[White "Dubnevych, Maksym"]
[Black "Morales Garcia, Sergio Joshafatt"]
[Result "1-0"]
[WhiteElo "2293"]
[BlackElo "2249"]
[PlyCount "109"]
[EventDate "2024.03.19"]
[EventType "swiss (blitz)"]
[EventRounds "11"]
[EventCountry "USA"]
[SourceTitle "EXT 2025"]
[Source "ChessBase"]
[SourceDate "2024.10.14"]
[SourceVersion "1"]
[SourceVersionDate "2024.10.14"]
[SourceQuality "1"]

1. Nc3 d5 2. e4 d4 3. Nce2 c5 4. Ng3 Nc6 5. Bc4 g6 6. h4 h5 7. a4 Bg7 8. d3 Nf6 9. Bg5 Qc7 10. Qd2 Bd7 11. N1e2 Nh7 12. Nf4 Nxg5 13. hxg5 e6 14. Nge2 0-0-0 15. a5 a6 16. Nh3 Ne5 17. Ba2 Ng4 18. b4 cxb4 19. Qxb4 Bc6 20. Bc4 Bf8 21. Qb3 Ne5 22. f4 Nxc4 23. Qxc4 Bb5 24. Qxc7+ Kxc7 25. e5 Kb8 26. 0-0 Bc5 27. Nf2 Bc6 28. Kh2 Rd7 29. Ng3 Rc8 30. Nge4 Bxe4 31. Nxe4 Be7 32. Ra2 Rdc7 33. Rf2 Rc6 34. Kg1 Ka7 35. Kf1 R8c7 36. Ke1 Rc8 37. Kd1 b6 38. axb6+ Kxb6 39. Ra4 Bc5 40. Nd2 Kb5 41. Ra2 Be7 42. Nb3 Bc5 43. Rf1 Bb6 44. Kd2 a5 45. Rb1 Ka6 46. Rbb2 h4 47. Ra4 Rh8 48. Nxd4 Bxd4 49. Rxd4 h3 50. gxh3 Rxh3 51. c4 a4 52. Rb4 Ka5 53. Rb5+ Ka6 54. Rd8 Rf3 55. Ra8# 1-0

[Event "Titled Tuesday intern op 19th Mar Late"]
[Site "Chess.com INT"]
[Date "2024.03.19"]
[Round "4"]
[White "Morales Garcia, Sergio Joshafatt"]
[Black "Tristan, Leonardo"]
[Result "0-1"]
[WhiteElo "2249"]
[BlackElo "2521"]
[PlyCount "62"]
[EventDate "2024.03.19"]
[EventType "swiss (blitz)"]
[EventRounds "11"]
[EventCountry "USA"]
[SourceTitle "EXT 2025"]
[Source "ChessBase"]
[SourceDate "2024.10.14"]
[SourceVersion "1"]
[SourceVersionDate "2024.10.14"]
[SourceQuality "1"]

1. d4 d5 2. c4 e6 3. Nf3 Nf6 4. Nc3 a6 5. cxd5 exd5 6. Bg5 Be6 7. e3 Nbd7 8. Bd3 Bd6 9. h3 c6 10. Bf4 Qc7 11. Qd2 h6 12. 0-0 g5 13. Bxd6 Qxd6 14. e4 dxe4 15. Nxe4 Nxe4 16. Bxe4 0-0-0 17. Qc3 Kb8 18. Ne5 Nxe5 19. dxe5 Qd4 20. Rfe1 Qxc3 21. bxc3 Rd2 22. a4 a5 23. Rab1 Kc7 24. Bf3 Rhd8 25. Bg4 Ra2 26. Bxe6 fxe6 27. Re4 Rdd2 28. Rf1 Re2 29. Rg4 Rxe5 30. h4 Rf5 31. f4 Rxa4 0-1

[Event "Titled Tuesday intern op 12th Mar Late"]
[Site "Chess.com INT"]
[Date "2024.03.12"]
[Round "5"]
[White "Golubenko, Valentina"]
[Black "Morales Garcia, Sergio Joshafatt"]
[Result "1/2-1/2"]
[WhiteElo "2209"]
[BlackElo "2249"]
[PlyCount "120"]
[EventDate "2024.03.12"]
[EventType "swiss (blitz)"]
[EventRounds "11"]
[EventCountry "USA"]
[SourceTitle "CBM 219 Extra"]
[Source "ChessBase"]
[SourceDate "2024.05.31"]
[SourceVersion "1"]
[SourceVersionDate "2024.05.31"]
[SourceQuality "1"]

1. d4 d5 2. Nf3 Nf6 3. g3 Bf5 4. Bg2 h6 5. c4 e6 6. 0-0 c6 7. Nc3 Be7 8. Nd2 0-0 9. f3 Bg6 10. e4 dxe4 11. Ndxe4 Nbd7 12. Be3 e5 13. d5 cxd5 14. cxd5 Re8 15. d6 Bf8 16. Nb5 Nxe4 17. fxe4 Re6 18. Bh3 Rf6 19. Rxf6 Nxf6 20. Nc7 Rc8 21. Bxc8 Qxc8 22. Rc1 Bxe4 23. d7 Nxd7 24. Ne6 Bc6 25. Nxf8 Nxf8 26. Bxa7 Qh3 27. Qe2 Ne6 28. Be3 h5 29. a3 h4 30. gxh4 Bf3 31. Qf2 e4 32. Qg3 Qf5 33. Rc8+ Kh7 34. Rc1 Qd5 35. Rf1 Qd3 36. Bf2 Be2 37. Qxd3 exd3 38. Be3 Bxf1 39. Kxf1 Kg6 40. Ke1 Kf5 41. Kd2 Ke4 42. b4 Nc7 43. a4 Nd5 44. Bg5 Nxb4 45. a5 Nc6 46. a6 bxa6 47. h5 f6 48. h6 gxh6 49. Bxf6 a5 50. Bg7 h5 51. h4 a4 52. Bf8 Nd4 53. Bg7 Nf3+ 54. Kd1 a3 55. Bf8 Nxh4 56. Be7 a2 57. Bf6 Nf5 58. Bh8 Nd4 59. Bxd4 Kxd4 60. Kd2 a1Q 1/2-1/2

[Event "Titled Tuesday intern op 12th Mar Late"]
[Site "Chess.com INT"]
[Date "2024.03.12"]
[Round "4"]
[White "Morales Garcia, Sergio Joshafatt"]
[Black "Griffith, Kyron"]
[Result "0-1"]
[WhiteElo "2249"]
[BlackElo "2352"]
[PlyCount "88"]
[EventDate "2024.03.12"]
[EventType "swiss (blitz)"]
[EventRounds "11"]
[EventCountry "USA"]
[SourceTitle "CBM 219 Extra"]
[Source "ChessBase"]
[SourceDate "2024.05.31"]
[SourceVersion "1"]
[SourceVersionDate "2024.05.31"]
[SourceQuality "1"]

1. d4 Nf6 2. c4 g6 3. Nc3 Bg7 4. e4 d6 5. Nf3 0-0 6. Be2 e5 7. Be3 Ng4 8. Bg5 f6 9. Bh4 Nc6 10. d5 Ne7 11. Nd2 Nh6 12. f3 g5 13. Bf2 f5 14. c5 Bd7 15. cxd6 cxd6 16. Nc4 Nf7 17. a4 Ng6 18. 0-0 Nf4 19. Qb3 b6 20. Rae1 Rc8 21. Nb5 Bxb5 22. axb5 g4 23. exf5 Nxe2+ 24. Rxe2 gxf3 25. gxf3 Nh6 26. Ne3 Nxf5 27. Nxf5 Rxf5 28. Be3 Kh8 29. Rg2 Qh4 30. Kh1 Qh5 31. Qa3 Rxf3 32. Rfg1 Rf7 33. Qa4 Qf3 34. Qg4 Qxg4 35. Rxg4 Rcf8 36. h4 Bf6 37. h5 h6 38. Bxh6 Rc8 39. Be3 Rh7 40. h6 Rf7 41. Kg2 Kh7 42. Rh1 Rc2+ 43. Kg3 Rxb2 44. Rh5 Rb3 0-1

[Event "Titled Tuesday intern op 05th Mar Late"]
[Site "Chess.com INT"]
[Date "2024.03.05"]
[Round "1"]
[White "Girel, Joseph"]
[Black "Morales Garcia, Sergio Joshafatt"]
[Result "1-0"]
[WhiteElo "2486"]
[BlackElo "2249"]
[PlyCount "67"]
[EventDate "2024.03.05"]
[EventType "swiss (blitz)"]
[EventRounds "11"]
[EventCountry "USA"]
[SourceTitle "EXT 2025"]
[Source "ChessBase"]
[SourceDate "2024.10.14"]
[SourceVersion "1"]
[SourceVersionDate "2024.10.14"]
[SourceQuality "1"]

1. d4 d5 2. Nf3 Nf6 3. c4 c6 4. cxd5 cxd5 5. Nc3 Nc6 6. Bf4 Bf5 7. Qb3 Na5 8. Qa4+ Bd7 9. Qc2 e6 10. e3 Rc8 11. Bd3 Bb4 12. 0-0 Nh5 13. Bg5 f6 14. Bh4 g5 15. Bg3 Nxg3 16. hxg3 g4 17. Nd2 f5 18. Nb3 h5 19. Nxa5 Bxa5 20. Qb3 h4 21. Nxd5 exd5 22. Qxd5 Bc7 23. Bxf5 Bxf5 24. Qxf5 Qd7 25. Qg6+ Qf7 26. Qxg4 Qd7 27. Qe4+ Kd8 28. gxh4 Qe7 29. Qxe7+ Kxe7 30. g3 Rcg8 31. Rac1 Kd7 32. Kh1 Rg4 33. Kg2 Rhxh4 34. Kf3 1-0

[Event "Titled Tuesday intern op 05th Mar Early"]
[Site "Chess.com INT"]
[Date "2024.03.05"]
[Round "1"]
[White "Morales Garcia, Sergio Joshafatt"]
[Black "Alekseenko, Kirill"]
[Result "0-1"]
[WhiteElo "2249"]
[BlackElo "2650"]
[PlyCount "70"]
[EventDate "2024.03.05"]
[EventType "swiss (blitz)"]
[EventRounds "11"]
[EventCountry "USA"]
[SourceTitle "EXT 2025"]
[Source "ChessBase"]
[SourceDate "2024.10.14"]
[SourceVersion "1"]
[SourceVersionDate "2024.10.14"]
[SourceQuality "1"]

1. d4 d5 2. c4 dxc4 3. Nf3 a6 4. e3 Bg4 5. Bxc4 e6 6. h3 Bh5 7. 0-0 Nc6 8. Nc3 Nf6 9. b3 Bd6 10. Bb2 0-0 11. Be2 Nd5 12. Ne4 f5 13. Nxd6 cxd6 14. a3 Nce7 15. Re1 Nf6 16. Ng5 Bxe2 17. Qxe2 Qd7 18. e4 h6 19. e5 hxg5 20. exf6 Rxf6 21. Qh5 Rg6 22. Rac1 Rf8 23. Rc3 f4 24. Rec1 Qb5 25. Rc7 Rh6 26. Qg4 Nd5 27. Qxg5 Nxc7 28. d5 e5 29. Rxc7 Rh7 30. Qe7 Qxd5 31. Rd7 f3 32. Rxd6 Qf7 33. Qxe5 fxg2 34. Bd4 Rxh3 35. Kxg2 Qf3+ 0-1